[Event "Calvia U2300 opB"]
[Site "Mallorca"]
[Date "2004.10.29"]
[Round "9"]
[White "Gutierrez Castillo, Oscar"]
[Black "Rahman, Md Taibur"]
[Result "1-0"]
[WhiteElo "2194"]
[BlackElo "2245"]
[PlyCount "95"]
[EventDate "2004.10.22"]
[EventType "swiss"]
[EventRounds "9"]
[EventCountry "ESP"]
[SourceTitle "EXT 2005"]
[Source "ChessBase"]
[SourceDate "2004.11.15"]
[SourceVersion "1"]
[SourceVersionDate "2004.11.15"]
[SourceQuality "1"]

1. e4 c5 2. Nf3 Nc6 3. d4 cxd4 4. Nxd4 e5 5. Nb5 d6 6. N1c3 a6 7. Na3 b5 8. Nd5 Nce7 9. c4 Nxd5 10. exd5 bxc4 11. Nxc4 Nf6 12. Be3 Rb8 13. a4 Ng4 14. Bd2 Be7 15. Be2 Nf6 16. Be3 0-0 17. 0-0 Nd7 18. a5 f5 19. Nb6 f4 20. Nxd7 Qxd7 21. Bb6 Bd8 22. Bxd8 Qxd8 23. Qd2 f3 24. Bxf3 Rxf3 25. gxf3 Bh3 26. Ra4 Qf6 27. Rg4 Bxf1 28. Kxf1 Qxf3 29. Rg3 Qf5 30. Qc1 Rf8 31. Qd2 h5 32. h4 Qb1+ 33. Kg2 Qe4+ 34. f3 Qxh4 35. Qd3 Qf4 36. Qg6 Qf6 37. Qxh5 e4 38. b4 Qb2+ 39. Kh3 Rf6 40. Qg5 Rf7 41. Qd8+ Rf8 42. Qe7 exf3 43. Qe6+ Kh7 44. Rg4 Rf6 45. Rh4+ Kg6 46. Qe8+ Rf7 47. Rg4+ Kf6 48. Qe6# 1-0

[Event "Calvia U2300 opB"]
[Site "Mallorca"]
[Date "2004.10.28"]
[Round "8"]
[White "Agdestein, Emil Dovig"]
[Black "Gutierrez Castillo, Oscar"]
[Result "0-1"]
[WhiteElo "2021"]
[BlackElo "2194"]
[PlyCount "128"]
[EventDate "2004.10.22"]
[EventType "swiss"]
[EventRounds "9"]
[EventCountry "ESP"]
[SourceTitle "EXT 2005"]
[Source "ChessBase"]
[SourceDate "2004.11.15"]
[SourceVersion "1"]
[SourceVersionDate "2004.11.15"]
[SourceQuality "1"]

1. e4 e5 2. Nc3 Nc6 3. Bc4 Bc5 4. d3 d6 5. Nge2 Nf6 6. Na4 Bb6 7. Nxb6 axb6 8. a3 Be6 9. Bxe6 fxe6 10. 0-0 0-0 11. f4 exf4 12. Nxf4 Qe8 13. Bd2 e5 14. Nd5 Nxd5 15. Rxf8+ Qxf8 16. exd5 Ne7 17. c4 Qf5 18. Qe2 Rf8 19. Rf1 Qg6 20. Rxf8+ Kxf8 21. Qf3+ Kg8 22. g4 b5 23. cxb5 Qf7 24. Qxf7+ Kxf7 25. b6 Nxd5 26. bxc7 Nxc7 27. Kf2 Ke6 28. Ke2 Kd5 29. Be3 Ne6 30. Kf3 g6 31. Bb6 Kc6 32. Be3 d5 33. Ke2 d4 34. Bd2 Kd5 35. b4 b5 36. Kf3 Nf8 37. Bg5 Ne6 38. Bd2 Ng7 39. Bg5 Ne8 40. Ke2 Ke6 41. Bd2 Nd6 42. Bh6 Kd5 43. h4 Nc8 44. h5 Nb6 45. hxg6 hxg6 46. Bc1 Na4 47. Kf3 Nc3 48. Bb2 e4+ 49. dxe4+ Nxe4 50. Kf4 Nd2 51. Bc1 Nc4 52. Kf3 d3 53. Bg5 Nxa3 54. Ke3 Kc4 55. Kd2 Nc2 56. Be7 Nxb4 57. Bf6 Nd5 58. Bg7 b4 59. Be5 Nb6 60. Bf6 Na4 61. g5 Nc5 62. Kc1 Ne4 63. Kb2 d2 64. Kc2 b3+ 0-1

[Event "Calvia U2300 opB"]
[Site "Mallorca"]
[Date "2004.10.22"]
[Round "2"]
[White "Sopur, Lech"]
[Black "Gutierrez Castillo, Oscar"]
[Result "1-0"]
[WhiteElo "2287"]
[BlackElo "2194"]
[PlyCount "55"]
[EventDate "2004.10.22"]
[EventType "swiss"]
[EventRounds "9"]
[EventCountry "ESP"]
[SourceTitle "EXT 2005"]
[Source "ChessBase"]
[SourceDate "2004.11.15"]
[SourceVersion "1"]
[SourceVersionDate "2004.11.15"]
[SourceQuality "1"]

1. d4 d5 2. c4 Nc6 3. Nf3 Bg4 4. cxd5 Bxf3 5. gxf3 Qxd5 6. e3 e5 7. Nc3 Bb4 8. Bd2 Bxc3 9. bxc3 exd4 10. cxd4 Nf6 11. Bg2 0-0-0 12. 0-0 g5 13. Qc2 Qe6 14. Rfc1 Rhg8 15. Rab1 Rd7 16. Rb5 h5 17. Qb1 Nd8 18. Re5 Qb6 19. Qf5 Qd6 20. Kh1 Nc6 21. Rb5 Qe6 22. Qb1 Nd8 23. f4 Nd5 24. f5 Qf6 25. Rxd5 Rxd5 26. Bxd5 g4 27. Qe4 Rg5 28. Qe5 1-0

[Event "ESP-chT"]
[Site "Ciudad Real"]
[Date "2004.08.24"]
[Round "2.5"]
[White "Mamedyarov, Shakhriyar"]
[Black "Gutierrez Castillo, Oscar"]
[Result "1-0"]
[WhiteElo "2662"]
[BlackElo "2213"]
[PlyCount "137"]
[EventDate "2004.08.23"]
[EventType "team"]
[EventRounds "6"]
[EventCountry "ESP"]
[SourceTitle "CBM 102 Extra"]
[Source "ChessBase"]
[SourceDate "2004.11.03"]
[SourceVersion "1"]
[SourceVersionDate "2004.11.03"]
[SourceQuality "1"]

1. d4 d5 2. c4 e6 3. Nf3 Nf6 4. Nc3 Be7 5. Bg5 0-0 6. e3 h6 7. Bh4 Ne4 8. Bxe7 Qxe7 9. Qc2 Nxc3 10. Qxc3 c6 11. Bd3 b6 12. 0-0 Bb7 13. e4 dxe4 14. Bxe4 Nd7 15. Rfe1 Nf6 16. Bc2 Qc7 17. c5 bxc5 18. dxc5 Rfd8 19. Ne5 Nd7 20. Nf3 Nf6 21. h3 Ba6 22. Ne5 Nd7 23. Nxf7 Kxf7 24. Rxe6 Nf6 25. Bb3 Nd5 26. Qf3+ Kg8 27. Rae1 Kh8 28. Bxd5 cxd5 29. Rxa6 Qxc5 30. Re5 Qc1+ 31. Kh2 Qc7 32. Qg3 Rd7 33. Rae6 Rad8 34. f4 d4 35. Qd3 Qb8 36. Qg6 Rf8 37. Re8 Rd8 38. R8e7 Rg8 39. Qf5 Rd6 40. Rb5 Qd8 41. Rbb7 d3 42. Qe5 Rg6 43. Rbd7 Qa8 44. Qd5 Qxd5 45. Rxd5 Rb8 46. b3 Ra6 47. Rxd3 Rxa2 48. Rdd7 Rg8 49. Rxa7 Rxa7 50. Rxa7 Rb8 51. Ra3 Kg8 52. Kg3 Kf7 53. Kf3 Ke6 54. Ke3 Rb4 55. g3 h5 56. Kd3 h4 57. Ra6+ Kf5 58. Ra5+ Kf6 59. Kc3 Rb8 60. gxh4 Rh8 61. h5 Rc8+ 62. Kd4 Rc1 63. Ra6+ Kf5 64. Rg6 Rh1 65. Rxg7 Rxh3 66. b4 Kxf4 67. Rf7+ Kg5 68. Rh7 Rh4+ 69. Kc5 1-0

[Event "Agneaux St Lo IM"]
[Site "Agneaux"]
[Date "2004.07.12"]
[Round "5"]
[White "Tripoteau, Nicolas"]
[Black "Gutierrez Castillo, Oscar"]
[Result "0-1"]
[WhiteElo "2301"]
[BlackElo "2213"]
[PlyCount "94"]
[EventDate "2004.07.08"]
[EventType "tourn"]
[EventRounds "9"]
[EventCountry "FRA"]
[EventCategory "4"]
[SourceTitle "EXT 2005"]
[Source "ChessBase"]
[SourceDate "2004.11.15"]
[SourceVersion "1"]
[SourceVersionDate "2004.11.15"]
[SourceQuality "1"]

1. d4 d5 2. c4 e6 3. Nc3 Be7 4. Bf4 Nf6 5. e3 c6 6. Qc2 Nbd7 7. cxd5 Nxd5 8. Bg3 c5 9. a3 cxd4 10. exd4 Qa5 11. Rc1 Nxc3 12. bxc3 Qxa3 13. Bd3 Nf6 14. Nf3 Qa5 15. 0-0 0-0 16. Ne5 Qd8 17. Rfd1 g6 18. Be2 Nd7 19. Nxd7 Qxd7 20. c4 Bd6 21. d5 Bxg3 22. hxg3 exd5 23. cxd5 Qd6 24. Qd2 Rd8 25. Rc4 Bd7 26. Qh6 Qf6 27. Bf3 Rac8 28. Rf4 Qg7 29. Qg5 Re8 30. Rf6 Rc4 31. Rd6 Ba4 32. Rd8 Rxd8 33. Qxd8+ Qf8 34. Qxf8+ Kxf8 35. Re1 a5 36. d6 b6 37. Rb1 Rb4 38. Rc1 Rd4 39. Rc8+ Kg7 40. Bc6 Rd1+ 41. Kh2 Bxc6 42. Rxc6 b5 43. Rc5 Rxd6 44. Rxb5 Ra6 45. Rb3 a4 46. Ra3 Kf6 47. g4 Ke5 0-1

[Event "Malaga op 7th"]
[Site "Campillos"]
[Date "2004.02.28"]
[Round "9"]
[White "Gutierrez Castillo, Oscar"]
[Black "Bellon Lopez, Juan Manuel"]
[Result "0-1"]
[WhiteElo "2209"]
[BlackElo "2429"]
[PlyCount "50"]
[EventDate "2004.02.21"]
[EventType "swiss"]
[EventRounds "9"]
[EventCountry "ESP"]
[SourceTitle "CBM 098 Extra"]
[Source "ChessBase"]
[SourceDate "2004.03.10"]
[SourceVersion "2"]
[SourceVersionDate "2004.03.10"]
[SourceQuality "1"]

1. e4 c5 2. Nf3 e6 3. d4 cxd4 4. Nxd4 a6 5. Nc3 Qc7 6. Bd3 g6 7. 0-0 Bg7 8. Nde2 d6 9. Bf4 Nd7 10. Qd2 Ngf6 11. Bh6 0-0 12. Bxg7 Kxg7 13. Kh1 b5 14. f4 Bb7 15. Ng3 h5 16. f5 h4 17. Nge2 b4 18. Qg5 Qc5 19. Nf4 Rg8 20. e5 dxe5 21. Nxe6+ fxe6 22. fxe6 e4 23. Qxh4 exd3 24. exd7 Qd6 25. Rae1 d2 0-1

[Event "Malaga op 7th"]
[Site "Campillos"]
[Date "2004.02.27"]
[Round "8"]
[White "Borrego Gil, Diego"]
[Black "Gutierrez Castillo, Oscar"]
[Result "1/2-1/2"]
[WhiteElo "2091"]
[BlackElo "2209"]
[PlyCount "102"]
[EventDate "2004.02.21"]
[EventType "swiss"]
[EventRounds "9"]
[EventCountry "ESP"]
[SourceTitle "CBM 098 Extra"]
[Source "ChessBase"]
[SourceDate "2004.03.10"]
[SourceVersion "2"]
[SourceVersionDate "2004.03.10"]
[SourceQuality "1"]

1. Nf3 Nf6 2. d4 d5 3. c4 e6 4. Nc3 Nbd7 5. Bg5 c6 6. e3 Qa5 7. Bxf6 Nxf6 8. Nd2 Bb4 9. Qc2 Ne4 10. Ndxe4 dxe4 11. a3 f5 12. Rc1 Be7 13. Be2 0-0 14. 0-0 Qc7 15. f3 exf3 16. Rxf3 e5 17. dxe5 Qxe5 18. Bd3 Bd6 19. g3 Be6 20. Ne2 Bc5 21. Qd2 Rad8 22. b4 Bb6 23. Nf4 Bf7 24. c5 Bc7 25. Qc2 g5 26. Ng2 Bd5 27. Rxf5 Rxf5 28. Bxf5 Bxg2 29. Kxg2 Qxe3 30. Rd1 Rxd1 31. Qxd1 Qe7 32. Qb3+ Kg7 33. Qd3 h6 34. Qd4+ Be5 35. Qe4 Qf6 36. Qd3 Bd4 37. a4 Qe5 38. Bh7 Qd5+ 39. Be4 Qe5 40. Bh7 Qf6 41. Bf5 a5 42. bxa5 Bxc5 43. Qd7+ Qe7 44. Qxe7+ Bxe7 45. Bc8 Bd8 46. Bxb7 Bxa5 47. Bxc6 g4 48. Be8 Kf6 49. h3 gxh3+ 50. Kxh3 Kg5 51. g4 Bc7 1/2-1/2

[Event "Malaga op 7th"]
[Site "Campillos"]
[Date "2004.02.23"]
[Round "4"]
[White "Gutierrez Castillo, Oscar"]
[Black "Alonso Garcia, Rene Marcial"]
[Result "0-1"]
[WhiteElo "2209"]
[BlackElo "2371"]
[PlyCount "60"]
[EventDate "2004.02.21"]
[EventType "swiss"]
[EventRounds "9"]
[EventCountry "ESP"]
[SourceTitle "CBM 098 Extra"]
[Source "ChessBase"]
[SourceDate "2004.03.10"]
[SourceVersion "2"]
[SourceVersionDate "2004.03.10"]
[SourceQuality "1"]

1. e4 c5 2. Nf3 d6 3. d4 cxd4 4. Nxd4 Nf6 5. Nc3 a6 6. Bg5 e6 7. f4 b5 8. e5 dxe5 9. fxe5 Qc7 10. Qe2 Nfd7 11. 0-0-0 Bb7 12. Qg4 Qb6 13. Be3 Nc6 14. Kb1 Ncxe5 15. Qg3 Qa5 16. Nb3 Qd8 17. Bc5 Rc8 18. Bxf8 Kxf8 19. Bd3 Qc7 20. Rhf1 Nf6 21. Nd4 Neg4 22. Qh4 Qxh2 23. Qe1 Qe5 24. Be2 h5 25. Qh4 Ne3 26. Rde1 Nxg2 27. Bf3 Nxh4 28. Rxe5 Nxf3 29. Nxf3 Bxf3 30. Rxf3 Ke7 0-1

[Event "ESP-ch U20"]
[Site "Mondariz"]
[Date "2002.09.02"]
[Round "6"]
[White "Gutierrez Castillo, Oscar"]
[Black "Saenz Narciso, Miguel Angel"]
[Result "1/2-1/2"]
[WhiteElo "2196"]
[BlackElo "2077"]
[PlyCount "106"]
[EventDate "2002.08.28"]
[EventType "swiss"]
[EventRounds "9"]
[EventCountry "ESP"]
[SourceTitle "CBM 090 Extra"]
[Source "ChessBase"]
[SourceDate "2002.11.07"]
[SourceVersion "1"]
[SourceVersionDate "2002.11.07"]
[SourceQuality "1"]

1. e4 c5 2. Nf3 Nc6 3. c3 g6 4. Be2 Bg7 5. 0-0 d6 6. d3 Nf6 7. h3 0-0 8. Be3 b5 9. Nh2 b4 10. Nd2 Rb8 11. f4 bxc3 12. bxc3 Qa5 13. Qc2 Ba6 14. Nhf3 Nh5 15. Rfc1 Ng3 16. Bd1 Qb5 17. Kh2 Nh5 18. Nc4 Qb7 19. Rab1 Qc7 20. Nfd2 Na5 21. Rxb8 Rxb8 22. Nxa5 Qxa5 23. Bxh5 gxh5 24. Nb3 Qa4 25. c4 Qe8 26. Qe2 f5 27. exf5 Bc8 28. Bd2 Bxf5 29. Re1 e5 30. Bc3 Qg6 31. Qf3 Bxd3 32. Qd5+ Kh8 33. fxe5 Re8 34. Qxd6 Bxc4 35. Qxc5 Qf7 36. Nd2 Bxa2 37. Qe3 Bd5 38. Re2 a5 39. Nf3 Bxf3 40. gxf3 Qc7 41. f4 Rg8 42. Bd4 Qc4 43. Rf2 Re8 44. f5 Qxd4 45. Qxd4 Bxe5+ 46. Qxe5+ Rxe5 47. Kg3 Re4 48. Kf3 Rb4 49. Rg2 a4 50. Rg5 a3 51. f6 Ra4 52. f7 Ra8 53. Ra5 Rf8 1/2-1/2

[Event "ESP-ch U20"]
[Site "Mondariz"]
[Date "2002.08.30"]
[Round "3"]
[White "San Emeterio Cabanes, Jose Luis"]
[Black "Gutierrez Castillo, Oscar"]
[Result "1/2-1/2"]
[WhiteElo "2318"]
[BlackElo "2196"]
[PlyCount "72"]
[EventDate "2002.08.28"]
[EventType "swiss"]
[EventRounds "9"]
[EventCountry "ESP"]
[SourceTitle "CBM 090 Extra"]
[Source "ChessBase"]
[SourceDate "2002.11.07"]
[SourceVersion "1"]
[SourceVersionDate "2002.11.07"]
[SourceQuality "1"]

1. d4 d6 2. c4 e5 3. d5 g6 4. Nc3 Bg7 5. e4 Nd7 6. Nf3 Ne7 7. h4 f5 8. h5 Nf6 9. h6 Bf8 10. Bg5 Neg8 11. Bd3 f4 12. c5 a6 13. Qa4+ Bd7 14. c6 bxc6 15. dxc6 Be6 16. Bc4 Qc8 17. Bxf6 Nxf6 18. Ng5 d5 19. exd5 Bg8 20. d6 Bxd6 21. 0-0-0 Qf5 22. Nce4 Nxe4 23. Nxe4 Bxc4 24. Qxc4 Ke7 25. Rd5 Rhb8 26. Nxd6 cxd6 27. Rhd1 Qe6 28. R1d3 Rb5 29. a4 Rb6 30. Rb3 Rxc6 31. Rb7+ Kf6 32. Qxc6 Rc8 33. Rc7 Rxc7 34. Qxc7 Qxd5 35. Qxh7 Qc4+ 36. Kb1 Qe4+ 1/2-1/2

[Event "Mancha Real schev"]
[Site "Mancha Real"]
[Date "2002.08.06"]
[Round "5"]
[White "Herrera, Irisberto"]
[Black "Gutierrez Castillo, Oscar"]
[Result "1-0"]
[WhiteElo "2478"]
[BlackElo "2196"]
[PlyCount "81"]
[EventDate "2002.08.02"]
[EventType "schev"]
[EventRounds "9"]
[EventCountry "ESP"]
[SourceTitle "CBM 089 Extra"]
[Source "ChessBase"]
[SourceDate "2002.09.10"]
[SourceVersion "2"]
[SourceVersionDate "2002.09.10"]
[SourceQuality "1"]

1. e4 e5 2. Nf3 Nc6 3. Bb5 Nf6 4. 0-0 d6 5. Re1 Bd7 6. c3 Be7 7. d4 0-0 8. Ba4 h6 9. a3 Nh7 10. Nbd2 exd4 11. cxd4 Bg4 12. h3 Bh5 13. Qc2 Nb8 14. Nh2 c5 15. g4 Bg6 16. f4 Nf6 17. f5 Bh7 18. dxc5 dxc5 19. Ndf3 a6 20. Rd1 Qc7 21. e5 Nfd7 22. Qe4 Nb6 23. Bc2 Qc6 24. Bf4 c4 25. Qxc6 Nxc6 26. Be3 Bd8 27. Rxd8 Raxd8 28. Bxb6 Rd5 29. a4 Nxe5 30. Be4 Nxf3+ 31. Nxf3 Rd7 32. Rc1 Rc8 33. a5 g6 34. Kf2 gxf5 35. gxf5 f6 36. Nd4 Re8 37. Ne6 Rd2+ 38. Ke3 Rxb2 39. Rg1+ Kh8 40. Bd4 Rb3+ 41. Kf4 1-0

[Event "Mancha Real schev"]
[Site "Mancha Real"]
[Date "2002.08.04"]
[Round "3"]
[White "Saldano Dayer, Horacio"]
[Black "Gutierrez Castillo, Oscar"]
[Result "1-0"]
[WhiteElo "2414"]
[BlackElo "2196"]
[PlyCount "117"]
[EventDate "2002.08.02"]
[EventType "schev"]
[EventRounds "9"]
[EventCountry "ESP"]
[SourceTitle "CBM 089 Extra"]
[Source "ChessBase"]
[SourceDate "2002.09.10"]
[SourceVersion "2"]
[SourceVersionDate "2002.09.10"]
[SourceQuality "1"]

1. d4 Nf6 2. Bg5 e6 3. e3 d5 4. Nd2 Be7 5. Bd3 Nbd7 6. f4 c5 7. c3 b6 8. Nh3 Bb7 9. Qf3 h6 10. Bxf6 Bxf6 11. 0-0 Qc7 12. a4 a6 13. Nf2 c4 14. Be2 Nf8 15. Ng4 Be7 16. Ne5 f6 17. Qh5+ g6 18. Nxg6 Nxg6 19. Qxg6+ Kd7 20. f5 e5 21. Nf3 e4 22. Ne5+ fxe5 23. f6 Bd6 24. Bg4+ Kc6 25. f7 exd4 26. cxd4 Qe7 27. Rf6 Bc8 28. Raf1 Bxg4 29. Rxd6+ Qxd6 30. Rf6 Qxf6 31. Qxf6+ Kc7 32. Qf4+ Kd7 33. Qxg4+ Ke7 34. Qg7 Rhf8 35. Qe5+ Kxf7 36. Qxd5+ Kg7 37. Qxe4 Rae8 38. Qb7+ Rf7 39. Qxb6 Rxe3 40. h4 Re1+ 41. Kh2 Re4 42. g3 Re2+ 43. Kh3 Rff2 44. h5 Rxb2 45. Qg6+ Kf8 46. Qxh6+ Ke7 47. d5 c3 48. Qg7+ Kd6 49. Qxc3 Kxd5 50. Qa5+ Ke4 51. Qxa6 Kf5 52. Qg6+ Ke5 53. a5 Ra2 54. a6 Rh2+ 55. Kg4 Ra4+ 56. Kg5 Rha2 57. h6 Rxa6 58. Qf5+ Kd4 59. h7 1-0

[Event "Malaga op 4th"]
[Site "Malaga"]
[Date "2001.03.01"]
[Round "7"]
[White "Valdes Romero, Leonardo"]
[Black "Gutierrez Castillo, Oscar"]
[Result "1-0"]
[WhiteElo "2338"]
[BlackElo "2080"]
[PlyCount "49"]
[EventDate "2001.02.23"]
[EventType "swiss"]
[EventRounds "9"]
[EventCountry "ESP"]
[SourceTitle "EXT 2002"]
[Source "ChessBase"]
[SourceDate "2001.11.25"]
[SourceVersion "1"]
[SourceVersionDate "2001.11.25"]
[SourceQuality "1"]

1. Nf3 Nf6 2. c4 e6 3. g3 d5 4. b3 b6 5. Bg2 Bb7 6. Bb2 c5 7. 0-0 Be7 8. e3 0-0 9. Qe2 Nc6 10. Rd1 d4 11. exd4 cxd4 12. d3 Qd6 13. Na3 Rfd8 14. Nb5 Qd7 15. Nbxd4 Nxd4 16. Nxd4 Bxg2 17. Kxg2 Bc5 18. Nf3 Ng4 19. d4 Be7 20. d5 exd5 21. Rxd5 Qc7 22. Rad1 Rxd5 23. cxd5 Rd8 24. Nd4 Ne5 25. Nb5 1-0

[Event "Malaga op 4th"]
[Site "Malaga"]
[Date "2001.02.25"]
[Round "3"]
[White "Garcia Martinez, Silvino"]
[Black "Gutierrez Castillo, Oscar"]
[Result "1-0"]
[WhiteElo "2371"]
[BlackElo "2080"]
[PlyCount "83"]
[EventDate "2001.02.23"]
[EventType "swiss"]
[EventRounds "9"]
[EventCountry "ESP"]
[SourceTitle "EXT 2002"]
[Source "ChessBase"]
[SourceDate "2001.11.25"]
[SourceVersion "1"]
[SourceVersionDate "2001.11.25"]
[SourceQuality "1"]

1. e4 e5 2. Nf3 Nc6 3. Bb5 Nf6 4. d3 d6 5. c3 Be7 6. 0-0 0-0 7. Re1 Bd7 8. Nbd2 Re8 9. Nf1 Nb8 10. Bc4 b5 11. Bb3 c5 12. Ng3 a5 13. a4 b4 14. h3 Qb6 15. Bc4 Nc6 16. Nh4 Be6 17. Nhf5 Bxc4 18. dxc4 bxc3 19. bxc3 g6 20. Nh6+ Kg7 21. Qf3 Qc7 22. Ngf5+ gxf5 23. Qg3+ Kf8 24. Nxf5 Reb8 25. Qg7+ Ke8 26. Bg5 Nd7 27. Rad1 Ra6 28. Qg8+ Nf8 29. Ng7+ Kd7 30. Qxf7 Kc8 31. Ne8 Qd7 32. Bxe7 Qxe7 33. Qf5+ Kb7 34. Nxd6+ Ka8 35. Nb5 Rd8 36. Rd5 Ng6 37. Red1 Rxd5 38. cxd5 Na7 39. d6 Qd8 40. Nc7+ Kb7 41. Ne6 Qb6 42. Qf7+ 1-0

[Event "San Agustin op 05th"]
[Site "Aviles"]
[Date "2000.08.27"]
[Round "9"]
[White "Porras Campo, Ruben"]
[Black "Gutierrez Castillo, Oscar"]
[Result "1-0"]
[WhiteElo "2131"]
[BlackElo "2127"]
[PlyCount "89"]
[EventDate "2000.08.18"]
[EventType "swiss"]
[EventRounds "9"]
[EventCountry "ESP"]
[SourceTitle "EXT 2001"]
[Source "ChessBase"]
[SourceDate "2000.11.22"]
[SourceVersion "1"]
[SourceVersionDate "2000.11.22"]
[SourceQuality "1"]

1. d4 Nf6 2. c4 g6 3. Nc3 Bg7 4. e4 d6 5. Bd3 0-0 6. Nge2 e5 7. d5 Nbd7 8. 0-0 Nh5 9. Be3 f5 10. exf5 gxf5 11. f4 Ndf6 12. h3 Bh6 13. Qd2 e4 14. Bc2 Qe8 15. c5 Qg6 16. cxd6 cxd6 17. Nb5 Ne8 18. Nbd4 Rf7 19. Ne6 Bxe6 20. dxe6 Re7 21. Bb3 Neg7 22. Nd4 a6 23. Kh2 Nf6 24. Nxf5 Nxf5 25. g4 Rg7 26. Rg1 Nh4 27. Bd1 Ne8 28. Qd5 Re7 29. f5 Qf6 30. Bxh6 Qxb2+ 31. Qd2 Qxa1 32. Qg5+ Ng6 33. fxg6 Qe5+ 34. Kg2 Qxg5 35. Bxg5 Rxe6 36. Bb3 Nc7 37. Rc1 Rae8 38. Rxc7 hxg6 39. Rxb7 Kh8 40. Bxe6 Rxe6 41. Rd7 e3 42. Kf1 Kg8 43. Re7 Rxe7 44. Bxe7 d5 45. Ke2 1-0

[Event "ESP-ch U18"]
[Site "Oropesa del Mar"]
[Date "2000.07.02"]
[Round "1"]
[White "Andres Gonzalez, Ivan"]
[Black "Gutierrez Castillo, Oscar"]
[Result "1-0"]
[WhiteElo "2176"]
[BlackElo "2127"]
[PlyCount "71"]
[EventDate "2000.07.02"]
[EventType "swiss"]
[EventRounds "7"]
[EventCountry "ESP"]
[SourceTitle "EXT 2001"]
[Source "ChessBase"]
[SourceDate "2000.11.22"]
[SourceVersion "1"]
[SourceVersionDate "2000.11.22"]
[SourceQuality "1"]

1. e4 e5 2. Nf3 Nc6 3. d4 exd4 4. Bc4 Bb4+ 5. c3 dxc3 6. 0-0 Nge7 7. Ng5 Ne5 8. Qb3 d5 9. Bb5+ c6 10. Qxb4 cxb5 11. exd5 0-0 12. Nxc3 h6 13. Qe4 N7g6 14. Nf3 f5 15. Qe2 Nxf3+ 16. Qxf3 f4 17. d6 Qh4 18. Qd5+ Rf7 19. f3 Bd7 20. Bd2 Bc6 21. Qc5 Raf8 22. Be1 Qd8 23. Rd1 Rf5 24. Qxa7 h5 25. Qd4 Qg5 26. Ne4 Qd8 27. d7 Rd5 28. Qxd5+ Bxd5 29. Rxd5 Ne7 30. Rd3 Qc7 31. Bb4 Kf7 32. Re1 Rd8 33. Nd6+ Kf8 34. Rxe7 Qc1+ 35. Re1 Qxb2 36. Re8+ 1-0